PRÍSPEVOK K TEORETICKEJ PROBLEMATIKE SUPERFINIŠOVANIA

Bibliographic Details
Main Authors: Lipa, Zdenko, 1944- (Author), Baránek, Ivan, 1947- (Author), Moravčíková, Jana, 1975- (Author)
Format: Article
Language:Slovak

MARC

LEADER 00000nab a2200000 a 4500
001 vtls011110998
003 SK-MaSNL
005 20260303150429.0
008 230222|2008 xo |||||||||||||||||slo|
015 |a SNBRB 
035 |a (uuid)b8e8cc25-f11d-4d25-8a30-4d1e889ae3a1 
035 |a (urnnbn)urn:nbn:sk:snk:ar-a08f1z 
035 |a urn:nbn:sk:snk-ab9hp4 
040 |a SNKBUCL  |b slo  |c SNKBUCL  |e AACR2 
041 0 |a slo 
044 |a xo  |c SK 
100 1 |a Lipa, Zdenko,  |d 1944-  |4 aut  |9 213055 
245 1 0 |a PRÍSPEVOK K TEORETICKEJ PROBLEMATIKE SUPERFINIŠOVANIA  |c Zdenko Lipa, Ivan Baránek, Jana Moravčíková 
246 3 |a CONTRIBUTION TO THEORY OF SUPERFINISHING 
700 1 |a Baránek, Ivan,  |d 1947-  |4 aut  |9 209051 
700 1 |a Moravčíková, Jana,  |d 1975-  |4 aut  |9 212448 
773 0 |t Vedecké práce Materiálovotechnologickej fakulty Slovenskej technickej univerzity v Bratislave so sídlom v Trnave  |g Č. 24 (2008), s. 111-117 
954 |a odborná, vedecká literatúra pôvodná (slovenská)  |2 lita 
958 |a OND 
958 |a EUIPO 
958 |a article13 
999 |c 2010563  |d 2012493